CA Vélez Sarsfield Squad 2025 - Statistics

General Stats
  • This quiz has been taken 4 times
  • The average score is 25 of 34
Answer Stats
# Position Nation Player % Correct
34 DF Argentina Damián Fernández
100%
3 DF Argentina Elías Gómez
100%
2 DF Argentina Emanuel Mammana
100%
4 DF Argentina Joaquín García
100%
7 FW Uruguay Michael Santos
100%
12 GK Uruguay Randall Rodríguez
100%
27 FW Argentina Thiago Fernández
100%
31 DF Argentina Valentín Gómez
100%
6 DF Argentina Aarón Quirós
75%
26 MF Argentina Agustín Bouzat
75%
14 DF Argentina Agustín Lagos
75%
10 MF Argentina Álvaro Montoro
75%
9 FW Argentina Braian Romero
75%
32 MF Argentina Christian Ordóñez
75%
5 MF Chile Claudio Baeza
75%
20 FW Argentina Francisco Pizzini
75%
- Coach Argentina Guillermo Barros Schelotto
75%
39 FW Argentina Imanol Machuca
75%
43 DF Argentina Isaías Andrada
75%
21 DF Argentina Jano Gordon
75%
33 MF Argentina Kevin Vázquez
75%
42 GK Argentina Lautaro Garzón
75%
19 MF Argentina Leonel Roldán
75%
11 FW Argentina Matías Pellegrini
75%
23 DF Argentina Patricio Pernicone
75%
8 MF Argentina Tomás Galván
75%
1 GK Argentina Tomás Marchiori
75%
28 FW Argentina Maher Carrizo
50%
46 MF Argentina Maximiliano Porcel
50%
37 DF Argentina Tomás Cavanagh
50%
29 FW Argentina Florián Monzón
25%
- Coach Argentina Marcelo Bravo
25%
- Coach Argentina Sebastián Domínguez
25%
35 MF Argentina Mateo Seoane
0%
No matching quizzes found
Score Distribution
Percent of People with Each Score
Percentile by Number Answered
Your Score History
You have not taken this quiz